01263nam a2200265Ia 4500003000400000005001700004008004100021020002900062040001700091082002100108100002200129245009000151250001100241260002700252300002400279650001700303700002000320942000900340952012700349952012700476952012700603952012700730952012700857999001300984IIN20240202144346.0231217s9999 xx 000 0 und d cRs.395.00a9788193538937 aIINbEnglish a615.1 bGAR1 aGarg, Gobind Rai 1 aSimplified Pharmacology:b A Helping Aid for ExamscGobind Rai Garg and Sparsh Gupta  a2nd ed bAyushaNew Delhic2019 a"xxii[1], 1-427 p."1 aPharmacology1 aGupta , Sparsh  cBOOK 00102ddc40708Purches BookaIINbIINd2023-12-17g395.00l0o615.1 GARp797r2023-12-17 21:32:26w2023-12-17yBOOK 00102ddc40708Purches BookaIINbIINd2023-12-17g395.00l0o615.1 GARp798r2023-12-17 21:32:26w2023-12-17yBOOK 00102ddc40708Purches BookaIINbIINd2023-12-17g395.00l0o615.1 GARp799r2023-12-17 21:32:26w2023-12-17yBOOK 00102ddc40708Purches BookaIINbIINd2023-12-17g395.00l0o615.1 GARp800r2023-12-17 21:32:26w2023-12-17yBOOK 00102ddc40708Purches BookaIINbIINd2023-12-17g395.00l0o615.1 GARp801r2023-12-17 21:32:26w2023-12-17yBOOK c802d802